[Event "San Cristobal de La Laguna op 4th"]
[Site "San Cristobal de La Laguna"]
[Date "2022.08.28"]
[Round "2"]
[White "Sumets, Andrey"]
[Black "Hidalgo Santana, Fernando"]
[Result "1-0"]
[WhiteElo "2547"]
[BlackElo "2057"]
[PlyCount "63"]
[EventDate "2022.08.27"]
[EventType "swiss"]
[EventRounds "9"]
[EventCountry "ESP"]
[SourceTitle "CBM 210 Extra"]
[Source "ChessBase"]
[SourceDate "2022.11.30"]
[SourceVersion "1"]
[SourceVersionDate "2022.11.30"]
[SourceQuality "1"]

1. d4 d6 2. Nf3 g6 3. c4 f5 4. g3 Nf6 5. Bg2 Bg7 6. 0-0 0-0 7. b4 Qe8 8. Bb2 h6 9. Nbd2 Nbd7 10. Qb3 Kh7 11. Rfe1 a5 12. b5 a4 13. Qc2 c5 14. bxc6 bxc6 15. e4 a3 16. Bc3 fxe4 17. Nxe4 d5 18. Nd6 Qd8 19. Nxc8 Rxc8 20. Nh4 Qe8 21. Rxe7 Qxe7 22. Nxg6 Qe8 23. Nxf8+ Kg8 24. Nxd7 Qxd7 25. Bb4 Ra8 26. Re1 Re8 27. Rxe8+ Qxe8 28. Bf3 Qe6 29. cxd5 Nxd5 30. Bc5 Bf8 31. Bxf8 Kxf8 32. Qc5+ 1-0

[Event "Santa Cruz de Tenerife Autumn op"]
[Site "Santa Cruz de Tenerife"]
[Date "2019.10.25"]
[Round "5"]
[White "Berjon Garcia, Sergio"]
[Black "Hidalgo Santana, Fernando"]
[Result "0-1"]
[WhiteElo "2066"]
[BlackElo "2079"]
[PlyCount "94"]
[EventDate "2019.10.16"]
[EventType "swiss"]
[EventRounds "9"]
[EventCountry "ESP"]
[SourceTitle "CBM 192 Extra"]
[Source "Chessbase"]
[SourceDate "2019.11.06"]
[SourceVersion "1"]
[SourceVersionDate "2019.11.06"]
[SourceQuality "1"]

1. e4 g6 2. d4 Bg7 3. Nc3 c6 4. Be3 d6 5. Qd2 Nf6 6. Bh6 Bxh6 7. Qxh6 b5 8. e5 dxe5 9. dxe5 b4 10. exf6 bxc3 11. bxc3 exf6 12. Qg7 Qe7+ 13. Kd2 Qd6+ 14. Bd3 Qf4+ 15. Ke2 Rf8 16. Nf3 Bg4 17. Rhe1 Nd7 18. Kf1+ Be6 19. Re4 Qd6 20. Rae1 0-0-0 21. Rb1 Kc7 22. Ra4 Ra8 23. Nd4 Bd5 24. Qh6 a5 25. Ne2 Nb6 26. Qf4 Qxf4 27. Rxf4 Bxa2 28. Ra1 Be6 29. Rxf6 Nd5 30. Rf3 a4 31. Nf4 Nxf4 32. Rxf4 a3 33. Rb4 Ra5 34. c4 Kd6 35. Ke2 Kc5 36. c3 Rfa8 37. Kd2 Ra4 38. Rb7 R8a7 39. Rb8 Bxc4 40. Re8 Bd5 41. Kc2 Rb7 42. Re2 Bxg2 43. Kc1 Bd5 44. Re5 Kd6 45. Re3 Rb2 46. Bc2 Bb3 47. Bd3 Rxf2 0-1

[Event "Santa Cruz de Tenerife Autumn op"]
[Site "Santa Cruz de Tenerife"]
[Date "2019.10.16"]
[Round "1"]
[White "Lozano Marques, Manuel"]
[Black "Hidalgo Santana, Fernando"]
[Result "0-1"]
[WhiteElo "1489"]
[BlackElo "2079"]
[PlyCount "74"]
[EventDate "2019.10.16"]
[EventType "swiss"]
[EventRounds "9"]
[EventCountry "ESP"]
[SourceTitle "CBM 192 Extra"]
[Source "Chessbase"]
[SourceDate "2019.11.06"]
[SourceVersion "1"]
[SourceVersionDate "2019.11.06"]
[SourceQuality "1"]

1. e4 e5 2. Nf3 Nc6 3. Bb5 a6 4. Ba4 Nf6 5. 0-0 b5 6. Bb3 Be7 7. Re1 0-0 8. c3 d5 9. exd5 Nxd5 10. h3 Bf6 11. d3 Bf5 12. Bc2 Re8 13. Nbd2 h6 14. Ne4 Be7 15. Ng3 Bg6 16. Nxe5 Nxe5 17. Rxe5 c6 18. Re1 Qc7 19. a3 Bd6 20. Nf1 c5 21. Bd2 Red8 22. Qf3 Nf4 23. Bxf4 Bxf4 24. Bb1 Rab8 25. Kh1 Rb6 26. Ne3 Qe5 27. Nc2 Qg5 28. Rd1 Re6 29. g3 Bd2 30. h4 Bh5 31. Qg2 Qf5 32. Rxd2 Bf3 33. Ne3 Qh3+ 34. Kg1 Bxg2 35. Nxg2 Rde8 36. Bc2 Re2 37. Rxe2 Rxe2 0-1

[Event "Tenerife Verano op"]
[Site "Tenerife"]
[Date "2019.07.31"]
[Round "3"]
[White "Hidalgo Santana, Fernando"]
[Black "Perez Garcia, Jimena"]
[Result "1-0"]
[WhiteElo "2102"]
[BlackElo "1723"]
[PlyCount "81"]
[EventDate "2019.07.29"]
[EventType "swiss"]
[EventRounds "9"]
[EventCountry "ESP"]
[SourceTitle "EXT 2020"]
[Source "ChessBase"]
[SourceDate "2019.10.17"]
[SourceVersion "1"]
[SourceVersionDate "2019.10.17"]
[SourceQuality "1"]

1. g3 Nf6 2. Bg2 g6 3. e4 d6 4. d4 Bg7 5. Nc3 0-0 6. Nf3 Nbd7 7. 0-0 e5 8. dxe5 dxe5 9. a4 a5 10. h3 c6 11. b3 Re8 12. Ba3 Bf8 13. Bxf8 Kxf8 14. Qd2 Kg7 15. Rad1 Qb6 16. Nh4 Qc5 17. Kh2 Nf8 18. f4 Ne6 19. fxe5 Qxe5 20. Nf3 Qc5 21. e5 Nh5 22. Ne4 Qb6 23. Nd6 Rf8 24. Ng5 Nxg5 25. Qxg5 Kg8 26. g4 Ng7 27. Nxf7 Be6 28. Nd6 Qc5 29. c4 b6 30. Ne4 Qb4 31. Nf6+ Rxf6 32. exf6 Ne8 33. Bxc6 Rc8 34. Bd5 Qd6+ 35. Kg2 Rc7 36. Bxe6+ Qxe6 37. Qd5 Qxd5+ 38. Rxd5 Kf7 39. g5 Ke6 40. Re1+ Kf7 41. Rd8 1-0

[Event "Tenerife Norte Team Cup 2nd"]
[Site "Tenerife"]
[Date "2019.07.06"]
[Round "2.1"]
[White "Hidalgo Santana, Fernando"]
[Black "Perez Perez, Gabriel"]
[Result "0-1"]
[WhiteElo "2140"]
[BlackElo "2114"]
[PlyCount "87"]
[EventDate "2019.06.29"]
[EventType "team-tourn"]
[EventRounds "10"]
[EventCountry "ESP"]
[SourceTitle "EXT 2020"]
[Source "ChessBase"]
[SourceDate "2019.10.17"]
[SourceVersion "1"]
[SourceVersionDate "2019.10.17"]
[SourceQuality "1"]
[WhiteTeam "Ciberjaque Universidad"]
[BlackTeam "Los Realejos Shah Mat"]
[WhiteTeamCountry "ESP"]
[BlackTeamCountry "ESP"]

1. e4 Nf6 2. e5 Nd5 3. Nf3 d6 4. d4 Nc6 5. h3 Nb6 6. exd6 exd6 7. Be2 Be7 8. 0-0 0-0 9. c4 Bf6 10. Nc3 Re8 11. Be3 d5 12. c5 Nc4 13. Bc1 b6 14. b3 N4a5 15. cxb6 axb6 16. Bf4 Be6 17. Nb5 Re7 18. Rc1 Rd7 19. Qd2 Rc8 20. Rc3 Ne7 21. Ne5 Bxe5 22. Bxe5 f6 23. Bf4 c6 24. Na3 Nb7 25. Re3 Bf5 26. g4 Bg6 27. Re1 Ra8 28. Nb1 Nd6 29. f3 Bf7 30. Bd3 Ng6 31. Bg3 c5 32. Bf1 Rda7 33. Nc3 c4 34. Bg2 Rd7 35. f4 Ne4 36. Nxe4 dxe4 37. Rxe4 cxb3 38. axb3 Bd5 39. Re8+ Qxe8 40. Rxe8+ Rxe8 41. Bf1 Ne7 42. Qb4 Nc6 43. Qb5 Rd6 44. Bf2 0-1

[Event "Canarias-chT"]
[Site "Vecindario"]
[Date "2019.06.16"]
[Round "6.1"]
[White "Hidalgo Santana, Fernando"]
[Black "Hernandez Leon, Alberto"]
[Result "0-1"]
[WhiteElo "2140"]
[BlackElo "2276"]
[PlyCount "86"]
[EventDate "2019.06.13"]
[EventType "team-swiss"]
[EventRounds "6"]
[EventCountry "ESP"]
[SourceTitle "EXT 2020"]
[Source "ChessBase"]
[SourceDate "2019.10.17"]
[SourceVersion "1"]
[SourceVersionDate "2019.10.17"]
[SourceQuality "1"]
[WhiteTeam "Guia"]
[BlackTeam "Ebano Barrio Nuevo"]
[WhiteTeamCountry "ESP"]
[BlackTeamCountry "ESP"]

1. e4 c5 2. Nf3 d6 3. Bb5+ Nc6 4. c4 Bd7 5. d4 cxd4 6. Nxd4 Nf6 7. Nc3 a6 8. Nxc6 bxc6 9. Ba4 Qa5 10. 0-0 e5 11. a3 Be7 12. b4 Qc7 13. h3 0-0 14. Be3 Be6 15. Qe2 a5 16. b5 cxb5 17. Bxb5 Rfc8 18. Nd5 Bxd5 19. exd5 Nd7 20. Rfb1 Nc5 21. Bc6 Rab8 22. Rb5 Rxb5 23. cxb5 Na4 24. Qg4 Nc5 25. b6 Qb8 26. Bxc5 dxc5 27. Qd7 Kf8 28. Qa7 e4 29. Qxa5 e3 30. fxe3 Qe5 31. Qe1 Bd6 32. b7 Rb8 33. Qc1 c4 34. Ra2 Bc5 35. Kf2 Qf4+ 36. Ke1 Bxe3 37. Qc3 Bd4 38. Qb4+ Kg8 39. Qe7 Qg3+ 40. Kf1 Qd3+ 41. Re2 Qb1+ 42. Re1 Qf5+ 43. Ke2 Qd3# 0-1

[Event "Santa Cruz de Tenerife op 29th"]
[Site "Santa Cruz de Tenerife"]
[Date "2018.12.21"]
[Round "7"]
[White "Hidalgo Santana, Fernando"]
[Black "Fernandez Garcia, Jose Luis"]
[Result "1-0"]
[WhiteElo "2094"]
[BlackElo "2433"]
[PlyCount "71"]
[EventDate "2018.12.13"]
[EventType "swiss"]
[EventRounds "9"]
[EventCountry "ESP"]
[SourceTitle "CBM 188 Extra"]
[Source "ChessBase"]
[SourceDate "2019.02.26"]
[SourceVersion "1"]
[SourceVersionDate "2019.02.26"]
[SourceQuality "1"]

1. e4 Nf6 2. e5 Nd5 3. Nf3 d6 4. h3 Nc6 5. c4 Nb6 6. exd6 exd6 7. d4 Be7 8. Be2 0-0 9. 0-0 Bf6 10. Nc3 Re8 11. Be3 Bf5 12. Rc1 h6 13. Qd2 d5 14. b3 Be4 15. cxd5 Bxd5 16. Nxd5 Nxd5 17. Bb5 Re6 18. Bxc6 bxc6 19. Bf4 Rb8 20. Rfe1 Qc8 21. Rxe6 Qxe6 22. Be5 Bg5 23. Nxg5 hxg5 24. Qa5 Rb6 25. Qxa7 Qc8 26. Qa5 f6 27. Bg3 Ra6 28. Qd2 Qf5 29. Qe2 Qc8 30. h4 gxh4 31. Bxh4 Rb6 32. Re1 Qf5 33. Bg3 Rb4 34. Qe8+ Kh7 35. Re4 g5 36. Re7+ 1-0